000 00793nmc a2200289 a 4500
003 AR-BaBNM
005 20251128211253.0
008 233020s2002 ||||||||||||||000 | spa||
020 _a950-518-824-2
040 _cAR-BaBNM
100 1 _aEisner, Elliot W.
245 1 0 _aLa escuela que necesitamos
_bensayos personales
250 _a1ª ed.
260 _aBuenos Aires
_bAmorrortu Editores
_c2002
300 0 _a313 p.
490 0 _aAgenda educativa
504 _aContiene referencias bibliográficas p.305-313
650 4 _aCURRICULO
650 4 _aREFORMA DE LA EDUCACION
650 4 _aPRAXIS EDUCATIVA
650 4 _aPROCESO COGNOSCITIVO
653 0 _aINVESTIGACION EDUCATIVA
653 0 _aLENGUAJES ARTISTICOS
800 1 _aLitwin, Edith
942 _cBK
998 _craquel
999 _c18937
_d18937